Japan Players Biggest Transfers - Statistics

General Stats
  • This quiz has been taken 54 times
  • The average score is 41 of 113
Answer Stats
Player From Joined % Correct
AM Shinji Kagawa 12/13 Borussia Dortmund Manchester United
91%
ST Shinji Kagawa 15/16 Mainz Leicester City
91%
AM Shinji Kagawa 14/15 Manchester United Borussia Dortmund
91%
AM Shinji Kagawa 19/20 Borussia Dortmund Real Zaragoza
91%
DM Wataru Endo 23/24 Stuttgart Liverpool
89%
DM Wataru Endo 20/21 Sint-Truiden Stuttgart
89%
LW Takumi Minamino 22/23 Liverpool Monaco
84%
LW Takumi Minamino 19/20 RB Salzburg Liverpool
84%
AM Keisuke Honda 09/10 VVV-Venlo CSKA Moscow
82%
RW Takefusa Kubo 22/23 Real Madrid Real Sociedad
77%
RW Takefusa Kubo 20/21 Real Madrid Villarreal
77%
RW Takefusa Kubo 20/21 Real Madrid Getafe
77%
RB Takehiro Tomiyasu 21/22 Bologna Arsenal
77%
RB Takehiro Tomiyasu 19/20 Sint-Truiden Bologna
77%
AM Yuya Kubo 16/17 Young Boys Gent
77%
LB Yuto Nagatomo 11/12 Cesena Inter Milan
75%
LB Yuto Nagatomo 18/19 Inter Milan Galatasaray
75%
LB Yuto Nagatomo 10/11 Cesena Inter Milan
75%
LB Yuto Nagatomo 10/11 Tokyo Cesena
75%
LB Yuto Nagatomo 17/18 Inter Milan Galatasaray
75%
AM Hidetoshi Nakata 01/02 Roma Parma
66%
AM Hidetoshi Nakata 99/00 Perugia Roma
66%
AM Hidetoshi Nakata 98/99 Bellmare Hiratsuka Perugia
66%
RW Junya Ito 22/23 Genk Reims
61%
LW Keito Nakamura 23/24 LASK Reims
61%
AM Shunsuke Nakamura 05/06 Reggina Celtic
61%
AM Shunsuke Nakamura 02/03 Yokohama F. Marinos Reggina
61%
AM Shunsuke Nakamura 09/10 Epanyol Yokohama F. Marinos
61%
LW Tatsuya Ito 19/20 Hamburg Sint-Truiden
61%
LW Kaoru Mitoma 21/22 Kawasaki Frontale Brighton & Hove Albion
59%
CB Maya Yoshida 12/13 VVV-Venlo Southampton
59%
AM Daichi Kamada 17/18 Sagan Tosu Eintracht Frankfurt
57%
ST Shinji Okazaki 13/14 Stuttgart Mainz
57%
RW Ritsu Doan 22/23 PSV Freiburg
55%
RW Ritsu Doan 19/20 Groningen PSV
55%
RW Ritsu Doan 18/19 Gamba Osaka Groningen
55%
LB Gotoku Sakai 13/14 Albirex Niigata Stuttgart
50%
RB Hiroki Sakai 21/22 Marseille Urawa Red Diamonds
50%
RB Hiroki Sakai 12/13 Kashiwa Reysol Hannover
50%
CB Makoto Hasebe 13/14 Wolfsburg Nuremberg
50%
CB Ko Itakura 22/23 Manchester City Borussia Monchengladbach
48%
CB Ko Itakura 18/19 Kawasaki Frontale Manchester City
48%
RW Takuma Asano 16/17 Sanfrecce Hiroshima Arsenal
48%
RW Takuma Asano 19/20 Arsenal Partizan Belgrade
48%
RW Takuma Asano 18/19 Arsenal Hannover
48%
ST Kyogo Furuhashi 21/22 Vissel Kobe Celtic
41%
AM Genki Haraguchi 18/19 Hertha Berlin Hannover
36%
AM Genki Haraguchi 22/23 Union Berlin Stuttgart
36%
ST Yoshinori Muto 18/19 Mainz Newcastle United
36%
ST Yoshinori Muto 15/16 Tokyo Mainz
36%
CM Hidemasa Morita 22/23 Santa Clara Sporting CP
34%
AM Hiroshi Kiyotake 16/17 Hannover Sevilla
32%
AM Hiroshi Kiyotake 16/17 Sevilla Cerezo Osaka
32%
AM Hiroshi Kiyotake 14/15 Nuremberg Hannover
32%
AM Hiroshi Kiyotake 12/13 Cerezo Osaka Nuremberg
32%
AM Shoya Nakajima 18/19 Portimonense Al-Duhail
32%
AM Shoya Nakajima 19/20 Al-Duhail Porto
32%
ST Yuya Osako 18/19 Koln Werder Bremen
32%
ST Yuya Osako 14/15 1860 Munich Koln
32%
CM Ao Tanaka 22/23 Kawasaki Frontale Fortuna Dusseldorf
30%
RB Atsuto Uchida 10/11 Kashima Antlers Schalke
30%
ST Ayase Ueda 23/24 Cercle Brugge Feyenoord
30%
ST Ayase Ueda 22/23 Kashima Antlers Cercle Brugge
30%
LW Daizen Maeda 22/23 Yokohama F. Marinos Celtic
30%
CM Reo Hatate 21/22 Kawasaki Frontale Celtic
23%
LW Takashi Inui 19/20 Real Betis Eibar
23%
LW Takashi Inui 12/13 Bochum Eintracht Frankfurt
23%
ST Musashi Suzuki 20/21 Hokkaido Consadole Sapporo Beerschot
18%
ST Takayuki Suzuki 05/06 Kashima Antlers Crvena Zvezda
18%
ST Yuma Suzuki 21/22 Sint-Truiden Kashima Antlers
18%
ST Naohiro Takahara 07/08 Eintracht Frankfurt Urawa Red Diamonds
16%
ST Takayuki Morimoto 11/12 Catania Novara
16%
LW Hiroki Abe 19/20 Kashima Antlers Barcelona
14%
AM Masaya Okugawa 21/22 RB Salzburg Arminia Bielefeld
14%
AM Shinji Ono 01/02 Urawa Red Diamonds Feyenoord
14%
AM Shinji Ono 05/06 Feyenoord Urawa Red Diamonds
14%
ST Takashi Usami 16/17 Gamba Osaka Augsburg
14%
ST Yuji Ono 12/13 Yokohama F. Marinos Standard Liege
14%
DM Yuki Abe 06/07 JEF United Chiba Urawa Red Diamonds
14%
CB Gen Shoji 18/19 Kashima Antlers Toulouse
11%
CB Gen Shoji 19/20 Toulouse Gamba Osaka
11%
GK Shuichi Gonda 21/22 Portimonense Shimizu S-Pulse
11%
GK Shuichi Gonda 20/21 Portimonense Shimizu S-Pulse
11%
CB Tsuyoshi Watanabe 23/24 Kortrijk Gent
11%
GK Yoshikatsu Kawaguchi 00/01 Yokohama F. Marinos Portsmouth
11%
LM Daisuke Matsui 09/10 Saint-Etienne Grenoble
9%
DM Hajime Hosogai 13/14 Bayer Leverkusen Hertha Berlin
9%
CM Hayao Kawabe 23/24 Wolverhampton Wanderers Standard Liege
9%
CM Hayao Kawabe 21/22 Sanfrecce Hiroshima Grasshoppers
9%
CB Koki Machida 23/24 Kashima Antlers Union Saint-Gilloise
9%
SS Takuma Nishimura 18/19 Vegalta Sendai CSKA Moscow
9%
DM Hotaru Yamaguchi 16/17 Hannover Cerezo Osaka
7%
DM Hotaru Yamaguchi 15/16 Cerezo Osaka Hannover
7%
AM Koji Miyoshi 20/21 Kawasaki Frontale Royal Antwerp
7%
LW Ryotaro Meshino 19/20 Gamba Osaka Manchester City
7%
RM Tatsuhiro Sakamoto 23/24 Oostende Coventry City
7%
DM Yasuyuki Konno 11/12 Tokyo Gamba Osaka
7%
ST Yoshito Okubo 08/09 Vissel Kobe Wolfsburg
7%
ST Yoshito Okubo 08/09 Wolfsburg Vissel Kobe
7%
LM Alex 09/10 Urawa Red Diamonds Nagoya Grampus
5%
DM Kento Misao 23/24 Santa Clara OH Leuven
5%
AM Yoshiaki Takagi 11/12 Tokyo Verdy Utrecht
5%
CM Daiki Matsuoka 21/22 Sagan Tosu Shimizu S-Pulse
2%
CB Hiroki Mizumoto 07/08 Gamba Osaka Kyoto Sanga
2%
CB Hiroki Mizumoto 07/08 JEF United Chiba Gamba Osaka
2%
LW Koki Saito 20/21 Yokohama Lommel
2%
ST Koya Kitagawa 19/20 Shimizu S-Pulse Rapid Vienna
2%
LB Ryosuke Yamanaka 18/19 Yokohama F. Marinos Urawa Red Diamonds
2%
AM Ryota Morioka 17/18 Waasland-Beveren Anderlecht
2%
AM Ryota Morioka 19/20 Anderlecht Charleroi
2%
AM Sergio Escudero 14/15 Seoul Jiangsu Guoxin Sainty
2%
LM Takahiro Sekine 17/18 Urawa Red Diamonds Ingolstadt
2%
SS Yoichiro Kakitani 14/15 Cerezo Osaka Basel
2%
No matching quizzes found
Score Distribution
Percent of People with Each Score
Percentile by Number Answered
Your Score History
You have not taken this quiz